02377nam a2200229Ia 4500001000400000008004100004010000800045041001400053082002000067245014500087260001800232300000700250520000700257630001200264630001500276630001600291630003300307650002000340700003100360700003300391520172300424974241029s9999 xx 000 0 und d a894 aEspañol aTPG MCE 32 2005 0aEstrategia de investigación científica para el Decanato de Ingeniería y Tecnología de la Universidad APEC de República Dominicana. aSanto Domingo a69 a18 aCalidad aEstrategia aFormación aInvestigación Científica aInvestigación easesoraPortuondo, Roberto eautoraMatos, Eddy Neftalí aEl propósito de la presente tesis es elaborar una propuesta de estrategia para el desarrollo de las investigaciones científicas en el Decanato de Ingeniería y Tecnología de la Universidad APEC de República Dominicana. Basada en el enfoque de la complejidad, que conduzca al aumento de su impacto y pertinencia social. La misma surge como vía para dar respuesta a una necesidad sentida en el Decanato de Ingeniería y Tecnología de la referida Universidad. Se pretende con este trabajo de investigación, realizar estudios de las tendencias de desarrollo de la investigación científica a nivel mundial y en República Dominicana; diagnosticar la situación de la investigación en el decanato; caracterizar teóricamente el proceso de investigación y la función de desarrollo del proceso e investigación científica; así como elaborar un modelo teórico para la referida estrategia en base a la teoría de las organizaciones autopoiéticas.      La situación problémica identificada, establece que las actividades de investigación en el decanato son deficientes, por lo que urge fortalecer la misma. A fin de dar cumplimiento a un mandato Institucional y de las Instituciones reguladoras de la Educación Superior en el país. De forma tal, que garanticen la formación de un ingeniero competente y de calidad para enfrentar y resolver problemas. La metodología que sustenta el presente trabajo, se fundamenta en el paradigma de la investigación fenomenológica, los métodos y técnicas a aplicar. En otro orden, para obtener y validar las informaciones correspondientes serán, la encuesta, la entrevista, criterios de expertos y la revisión bibliográfica.